| 000 | 00452nam a22001817a 4500 | ||
|---|---|---|---|
| 003 | Ost | ||
| 005 | 20260226074058.0 | ||
| 008 | 250505b |||||||| |||| 00| 0 eng d | ||
| 020 | _a9780713479096 | ||
| 040 | _cBT-PhCST | ||
| 050 | _a25354 | ||
| 082 |
_222 _a741.26 _bCAL |
||
| 100 | _aCaldwell, Peter. | ||
| 245 | _aPen & ink sketching / | ||
| 260 |
_aLondon : _bB.T. Batsford Ltd. , _cc1993 |
||
| 300 |
_a127 p. : _bill. ; _c18 cm. |
||
| 942 |
_2ddc _cAE |
||
| 999 |
_c10000 _d10000 |
||